000 03759cam a22006614i 4500
003 PE-LiUPU
005 20250731180118.0
008 150623s2001 sp a rb 000 0 spa d
020 _a8420009601
020 _a9788420009605
035 _a(Sirsi) i9788420009605
040 _aPE-LiUPU
_bspa
_cPE-LiUPU
_erda
049 _aPRUA
082 0 4 _a574.19293
_bH3
_221
082 0 4 _a665.1
_bH38 2001
100 1 _aHemming, F. W.,
_eautor.
245 1 0 _aAnálisis de lípidos /
_cF.W. Hemming, J.N. Hawthorne ; traducido por M. Teresa Satué Gracia.
264 1 _aZaragoza :
_bAcribia,
_c2001.
300 _axiv, 185 páginas :
_bilustraciones ;
_c24 centímetros
336 _atext
_2rdacontent
337 _aunmediated
_2rdamedia
338 _avolume
_2rdacarrier
500 _aContiene "Glosario": (A-V).
504 _aIncluye bibliografía al final de cada capítulo.
505 0 _aTécnicas básicas: Método de extracción -- Procedimientos cromatográficos -- Métodos espectrofotométricos -- Métodos radioisotópicos -- Métodos inmunoquímicos -- Métodos analíticos que usan enzimas -- Inclusión de lípidos en sistemas acuosos -- Precauciones y seguridad durante el análisis de lípidos en material biológicos -- Hidrocarburos: Importancia biológica -- Estructura -- Detección -- Separación y purificación -- Cuantificación -- Alcoholes, fenoles, aldehídos, cetomas y quinonas -- Alcoholes y fenoles -- Aldehídos y cetonas -- Quinonas -- Ácidos grasos y prostaglandinas: Ácidos grasos -- Prostaglandinas y leucotrienos (eicosanoides) -- Ésteres: Acilgliceroles -- Ésteres de ceras -- Alquilgliceroles -- Fosfolípidos, sulfolípidos y compuestos relacionados: Fosfolípidos con grupos amino -- Fosfoinosítidos -- Fosfatidilinositolglicanos -- Fosfonolípidos -- Fosfolípidos de alquiléter -- Sulfolípidos -- Glicolípidos: Glicoesfingolípidos -- Polisoprenil fosfoazúcares -- Glicosilglicéridos y compuesto relacionados -- Fosfoglicolípidos, ácidos lipoteicos y compuestos relacionados -- Lipoproteínas: Lipoproteínas plasmáticas -- Acilproteínas y prenilproteínas.
526 _aSEG44
526 _aSEG26
526 _aP159
526 _aP155
526 _aP154
526 _aP153
526 _aP150
526 _aP100
526 _aP31
526 _aP30
526 _aP26
526 _aP25
526 _aP24
526 _aP22
526 _aP15
526 _aP10
650 1 4 _aLípidos
_xAnálisis.
650 2 4 _aAlimentos
_xAnálisis.
700 1 _aHawthorne, J. N.,
_eautor.
700 1 _aSatué Gracia, M. Teresa,
_etraductor.
942 _2ddc
_cBOOK
949 _a574.192.93 H3
_wDEWEY
_c1
_i57841
_lCCODEBUL1
_mBUL
_p41.00
_r0
_sY
_tBOOK
_u2015-6-24
_xINGENIERIA
_0COMPRA
_o.STAFF. Colección General
949 _a574.192.93 H3
_wDEWEY
_c2
_i51309
_lCCODEBUL1
_mBUL
_p36.00
_r0
_sY
_tBOOK
_u2015-6-24
_xINGENIERIA
_zUNKNOWN
_0COMPRA
_o.STAFF. Colección General
949 _a574.192.93 H3
_wDEWEY
_c3
_i65798
_d2016-5-3
_e2016-4-27
_lCCODEBUL1
_mBUL
_n1
_p41.00
_r0
_sY
_tBOOK
_u2015-6-24
_xINGENIERIA
_0COMPRA
_o.STAFF. Colección General
949 _a574.192.93 H3
_wDEWEY
_c4
_i67440
_lCCODEBUL1
_mBUL
_p48.00
_r0
_sY
_tBOOK
_u2015-6-24
_xINGENIERIA
_0COMPRA
_o.STAFF. Colección General
949 _a665.1 H38 2001
_wDEWEY
_c1
_iFJ08146
_lCCODEBUJ1
_mBUJ
_p35.00
_r0
_sY
_tBOOK
_u2017-07-24
_xINGENIERIA
_0COMPRA
_o.STAFF. Colección General Juliaca
999 _c33023
_d33023
980 _81
_gALBERTO SANCHEZ Responsable de Automatización